Základné práva a slobody občana
Seriál článkov o problematike základných práv a slobôd občana, z hľadiska vývoja demokracie v SR a z hľadiska záväzkov vyplývajucich z členstva nášho štátu v Rade Európy. Zakotvenie občianskych práv a slobôd. Listina základných práv a slobôd. Základné ľudské práva a slobody.
Salvato in:
| Natura: | Capitolo di libro |
|---|---|
| Lingua: | slovacco |
| Soggetti: | |
| Tags: |
Nessun Tag, puoi essere il primo ad aggiungerne!!
|
MARC
| LEADER | 00000naa a2200000 4500 | ||
|---|---|---|---|
| 001 | r015957 | ||
| 005 | 20221213123708.3 | ||
| 041 | 0 | |a slo | |
| 044 | |a SK | ||
| 245 | 1 | 0 | |a Základné práva a slobody občana |
| 520 | |a Seriál článkov o problematike základných práv a slobôd občana, z hľadiska vývoja demokracie v SR a z hľadiska záväzkov vyplývajucich z členstva nášho štátu v Rade Európy. Zakotvenie občianskych práv a slobôd. Listina základných práv a slobôd. Základné ľudské práva a slobody. | ||
| 610 | 2 | 0 | |a práva ľudské |
| 610 | 2 | 0 | |a ochrana osobnosti |
| 610 | 2 | 0 | |a ochrana práv občanov |
| 610 | 2 | 0 | |a zákony |